00778nam a2200205 a 4500003000400000005001700004008004100021020001800062040002400080041000800104082002600112100002600138245009800164250001200262260017700274300001100451653003800462653004100500700003100541OSt20131008151742.0131008s1995 ag ||||| |||| 00| 0 spa d a950-658-039-1 cBiblioteca Medicina aspa bMINIST. DE SALUD 04061 aOtero, Hernan Gustavo00aTablas de Mortalidad de la Provincia de Buenos Aires (1980-1982). Partidos y Zonas Sanitarias a1ยบ ed. aBuenos AiresbUniversidad del Centro de la Provincia de Buenos Aires;bFacultad de Ciencias Humanas;bPrograma de Procesamiento de Informacion y Estudios de Poblacionc1995 a319 p. aMORTALIDAD-BUENOS AIRES-1980/1982 aESTADISTICAS- BUENOS AIRES-1980/19821 aVelasquez, Gulliermo Angel